|
|
|
|
| LEADER |
01517cam a2200325 a 4500 |
| 001 |
11977205 |
| 005 |
20090811083316.0 |
| 008 |
000417s1999 ch a 001 0 eng |
| 010 |
|
|
|a 00266266
|
| 020 |
|
|
|a 1565925858
|
| 040 |
|
|
|a DLC
|c DLC
|d DLC
|
| 050 |
0 |
0 |
|a QA76.76.O63
|b H453 1999
|
| 082 |
0 |
0 |
|a 005.4/469
|2 21
|
| 100 |
1 |
|
|a Siever, Ellen.
|9 1041
|
| 245 |
1 |
0 |
|a Linux in a nutshell :
|b a desktop quick reference /
|c Ellen Siever and the staff of O'Reilly & Associates, Inc.
|
| 250 |
|
|
|a 2nd ed.
|
| 260 |
|
|
|a Beijing ;
|a Sebastopol, CA :
|b O'Reilly,
|c 1999.
|
| 300 |
|
|
|a xiv, 612 p. :
|b ill. ;
|c 23 cm.
|
| 500 |
|
|
|a Rev. ed. of: Linux in a nutshell / Jessica Perry Hekman. 1997.
|
| 500 |
|
|
|a Includes index.
|
| 630 |
0 |
0 |
|a Linux.
|9 932
|
| 650 |
|
0 |
|a Operating systems (Computers)
|9 933
|
| 700 |
1 |
|
|a Hekman, Jessica Perry.
|t Linux in a nutshell.
|9 1042
|
| 856 |
4 |
2 |
|3 Contributor biographical information
|u http://www.loc.gov/catdir/enhancements/fy0915/00266266-b.html
|
| 856 |
4 |
2 |
|3 Publisher description
|u http://www.loc.gov/catdir/enhancements/fy0915/00266266-d.html
|
| 906 |
|
|
|a 7
|b cbc
|c origcop
|d 2
|e ncip
|f 20
|g y-gencatlg
|
| 942 |
|
|
|2 ddc
|c BK
|
| 955 |
|
|
|a to ASCD pb08 04-17-00; jf00 04-19-00; jf03 07-18-00; jf11 to sl 07-19-00; jf25 2 c. to Dewey 07-25-00; aa01 08-04-00
|
| 999 |
|
|
|c 9233
|d 9233
|
| 952 |
|
|
|0 0
|1 0
|2 ddc
|4 0
|6 005_446900000000000_SIE
|7 0
|9 15968
|a BRACUL
|b BRACUL
|c GEN
|d 2011-04-03
|g 0.00
|l 13
|m 78
|o 005.4469 SIE
|p 3010000017
|r 2024-10-02
|s 2024-05-12
|t 1
|w 2011-04-03
|y BK
|x No price found in the accession register.
|